[Event "AUTO-ADV-2639"]
[Site "http://www.queenalice.com/game.php?id=1109460"]
[Date "2012.10.4"]
[Round "1"]
[White "vercelli"]
[Black "SalsaKing"]
[Result "1-0"]
[WhiteElo "1878"]
[BlackElo "1776"]

1. d4 d5 2. Nf3 e6 3. e3 h6 4. Bd3 Nf6 5. Nbd2 a6 6. Qe2 Nc6 7. c3 Be7 8. O-O g5
9. e4 dxe4 10. Nxe4 g4 11. Nxf6+ Bxf6 12. Ne5 Bxe5 13. dxe5 h5 14. Bf4 Bd7 15.
Rad1 Qe7 16. Qe3 h4 17. Bg5 Qf8 18. Bf6 Rh5 19. Be2 Qh6 20. Qxh6 Rxh6 21. Bxg4
Ne7 22. Rd2 Nd5 23. Rfd1 Nxf6 24. exf6 Rxf6 25. Rxd7 Rc8 26. h3 Rf4 27. g3 hxg3
28. fxg3 Rf6 29. R7d4 c6 30. Rd7 b5 31. Ra7 c5 32. Rdd7 Kf8 33. Bh5 e5 34. Rxf7+
Rxf7 35. Rxf7+ Kg8 36. Re7 Rd8 37. Rxe5 Rd2 38. Re2 Rd1+ 39. Kg2 Kg7 40. Re7+
Kf6 41. Bxd1 Kxe7 42. Kf3 1-0

[Event "AUTO-ADV-2639"]
[Site "http://www.queenalice.com/game.php?id=1109461"]
[Date "2012.10.4"]
[Round "1"]
[White "SalsaKing"]
[Black "vercelli"]
[Result "0-1"]
[WhiteElo "1768"]
[BlackElo "1866"]

1. d4 Nf6 2. Nc3 g6 3. Bg5 Bg7 4. Bxf6 Bxf6 5. e3 O-O 6. Bd3 d6 7. h3 e5 8. dxe5
Bxe5 9. Nf3 Bg7 10. Qc1 Nc6 11. Bb5 Bd7 12. h4 a6 13. Bxc6 Bxc6 14. Qd2 Qf6 15.
Qe2 Rfe8 16. Rh2 b5 17. Kf1 b4 18. Nd1 Bb5 19. Qxb5 axb5 20. h5 h6 21. hxg6 Qxg6
22. Nd4 Bxd4 23. exd4 Qxc2 24. Ne3 Qxb2 25. Rd1 Rxa2 0-1

[Event "Challenge"]
[Site "http://www.queenalice.com/game.php?id=1110824"]
[Date "2012.10.9"]
[Round "-"]
[White "Dulce"]
[Black "vercelli"]
[Result "0-1"]
[WhiteElo "1516"]
[BlackElo "1917"]

1. e4 d6 2. Nf3 Nf6 3. Nc3 g6 4. Bc4 Bg7 5. O-O O-O 6. d3 Nbd7 7. Be3 e5 8. d4
Ng4 9. Bg5 Qe8 10. h3 h6 11. Bh4 Ngf6 12. dxe5 Nxe5 13. Bd5 Ned7 14. Qd4 Nxd5
15. Qe3 Nxe3 16. fxe3 Nb6 17. Bg3 Bxc3 18. bxc3 Qxe4 19. Rac1 Qxe3+ 20. Bf2 Qxc3
21. Rfe1 Qf6 22. Bd4 Qf4 23. Be3 Qa4 24. Bxh6 Be6 25. Ng5 Rfe8 26. Rcd1 Qh4 27.
Nxf7 Bxf7 28. Be3 Re6 29. Rf1 Rxe3 30. Rd2 Qg5 31. Rdf2 Qc5 32. Rxf7 Re7+ 33.
Kh1 Rxf7 34. Re1 Qf2 35. Rg1 Raf8 36. Kh2 Qf4+ 37. g3 Qd2+ 38. Rg2 Rf2 39. h4
Rxg2+ 40. Kh3 Rh2+ 41. Kg4 Qe2+ 42. Kg5 Qh5# 0-1

[Event "Challenge"]
[Site "http://www.queenalice.com/game.php?id=1111243"]
[Date "2012.10.10"]
[Round "-"]
[White "vercelli"]
[Black "Camy"]
[Result "1/2-1/2"]
[WhiteElo "1925"]
[BlackElo "1720"]

1. d4 Nf6 2. Nf3 d5 3. e3 e6 4. Bd3 Bb4+ 5. c3 Bd6 6. Nbd2 O-O 7. Qe2 Re8 8. e4
Nh5 9. e5 Nf4 10. Qf1 Nxd3+ 11. Qxd3 Be7 12. O-O b6 13. Re1 Ba6 14. c4 c5 15. b3
Nc6 16. Ba3 Nxd4 17. Nxd4 dxc4 18. bxc4 Qxd4 19. Qxd4 cxd4 20. Bxe7 Rxe7 21. a4
Rc8 22. Rac1 Rec7 23. Re4 Rd8 24. f4 Bb7 25. Re2 Bd5 26. Kf2 Rdc8 27. cxd5 Rxc1
28. dxe6 fxe6 29. Nb3 d3 30. Nxc1 Rxc1 31. Rd2 a5 32. Rxd3 g6 33. Rd6 1/2-1/2

[Event "Challenge 3"]
[Site "http://www.queenalice.com/game.php?id=1111979"]
[Date "2012.10.13"]
[Round "-"]
[White "vercelli"]
[Black "SalsaKing"]
[Result "1-0"]
[WhiteElo "1915"]
[BlackElo "1757"]

1. d4 d5 2. c4 dxc4 3. e3 Qd5 4. Qa4+ c6 5. Qxc4 Qxc4 6. Bxc4 e6 7. Nf3 f6 8.
Nbd2 Bb4 9. O-O Bxd2 10. Bxd2 a5 11. e4 Ne7 12. e5 f5 13. Ng5 Ra7 14. Nxe6 Bxe6
15. Bxe6 g6 16. Bh6 Ng8 17. Bg7 Ne7 18. Bxh8 b5 19. a4 b4 20. Rac1 h5 21. Rc5
Rc7 22. Rxa5 Nc8 23. Bf6 Nb6 24. Rc1 1-0

[Event "Challenge"]
[Site "http://www.queenalice.com/game.php?id=1115126"]
[Date "2012.10.22"]
[Round "-"]
[White "vercelli"]
[Black "SalsaKing"]
[Result "1/2-1/2"]
[WhiteElo "1919"]
[BlackElo "1761"]

1. d4 d5 2. c4 Nf6 3. Nf3 Nc6 4. Qc2 e6 5. g3 Bb4+ 6. Nbd2 dxc4 7. Qxc4 Bxd2+ 8.
Bxd2 O-O 9. Bg2 h6 10. O-O Re8 11. Bc3 Nd5 12. Ne5 Nxe5 13. dxe5 a6 14. Rad1 Bd7
15. Bxd5 exd5 16. Qxd5 Bc6 17. Qd4 Qg5 18. f4 Qe7 19. Rd3 Rad8 20. Qe3 Rxd3 21.
exd3 Ra8 22. Re1 Qe6 23. a3 Qd5 24. Qe4 Qe6 25. Qc4 Qh3 26. Re2 Bb5 27. Qd5 Qg4
28. Qe4 Bc6 29. Qe3 Rd8 30. e6 f6 31. e7 Re8 32. Qe6+ Qxe6 33. Rxe6 Kf7 34. Re3
Rxe7 35. Kf2 Bb5 36. d4 Rxe3 37. Kxe3 Ke6 38. g4 Kd5 39. Bb4 g6 40. b3 f5 41.
Bf8 h5 42. gxf5 gxf5 43. h4 c6 1/2-1/2

[Event "Challenge"]
[Site "http://www.queenalice.com/game.php?id=1117096"]
[Date "2012.10.29"]
[Round "-"]
[White "jorm"]
[Black "vercelli"]
[Result "1-0"]
[WhiteElo "1947"]
[BlackElo "1929"]

1. e4 d6 2. d4 Nf6 3. Nc3 g6 4. d5 Bg7 5. h3 O-O 6. g4 e5 7. Be2 Na6 8. a3 Nc5
9. Bf3 Nfd7 10. h4 f5 11. gxf5 gxf5 12. exf5 Rxf5 13. Be3 Qf8 14. Rh2 Nb6 15.
Qe2 Bh6 16. Rg2+ Kh8 17. O-O-O Bd7 18. Kb1 Re8 19. Rf1 e4 20. Bd4+ Ree5 21.
Bxe5+ dxe5 22. Bg4 Rf4 23. Bxd7 Ncxd7 24. Nh3 Rxh4 25. Ng5 Qg7 26. Rfg1 Nf6 27.
Ngxe4 Qf7 28. Nxf6 Bg7 29. Rxg7 Qxg7 30. Rxg7 Kxg7 31. Qxe5 Rh1+ 32. Ka2 Nc4 33.
Ne8+ Kf8 34. Qf4+ Kxe8 35. Qe4+ 1-0

[Event "AUTO-ADV-2639"]
[Site "http://www.queenalice.com/game.php?id=1126851"]
[Date "2012.11.29"]
[Round "2"]
[White "vercelli"]
[Black "tucot"]
[Result "0-1"]
[WhiteElo "1914"]
[BlackElo "2336"]

1. d4 Nf6 2. c4 g6 3. Nc3 Bg7 4. e4 d6 5. Nf3 O-O 6. Be2 Bg4 7. h3 Bxf3 8. Bxf3
c5 9. d5 e5 10. O-O h6 11. b3 Nbd7 12. Nb5 Ne8 13. Be3 f5 14. Rb1 a6 15. Nc3 Rb8
16. exf5 gxf5 17. Bh5 Kh7 18. Qf3 Qh4 19. Qe2 Nef6 20. Qf3 Qxh5 21. Qxh5 Nxh5
22. g4 Nf4 23. Bxf4 exf4 24. gxf5 Bxc3 0-1

[Event "AUTO-ADV-2639"]
[Site "http://www.queenalice.com/game.php?id=1126852"]
[Date "2012.11.29"]
[Round "2"]
[White "tucot"]
[Black "vercelli"]
[Result "1-0"]
[WhiteElo "2371"]
[BlackElo "1912"]

1. e4 d6 2. d4 Nf6 3. Nc3 g6 4. f3 Bg7 5. Be3 O-O 6. Qd2 e5 7. Nge2 Nbd7 8. Bh6
Nh5 9. Bxg7 Nxg7 10. O-O-O a6 11. g4 c5 12. dxc5 dxc5 13. Nd5 Ne6 14. h4 Nc7 15.
Nb6 Ra7 16. Nxc8 Qxc8 17. Qxd7 Qb8 18. Nc3 Nb5 19. Qd2 Nd4 20. Bc4 b5 21. Bd5 b4
22. Ne2 Nxf3 23. Qe3 Nd4 24. Nxd4 exd4 25. Qh6 Qc7 26. h5 Qd6 27. hxg6 Qxg6 28.
Qxg6+ hxg6 29. Rh6 Kg7 30. Rdh1 Kf6 31. Kd2 Kg5 32. Rh7 Kxg4 33. Rf1 Kg5 34. Kd3
Rc7 35. Kc4 Kg4 36. Rfxf7 Rfxf7 37. Rxf7 Rxf7 38. Bxf7 g5 39. Kxc5 Kf4 40. Kxd4
g4 41. Bd5 g3 42. e5 1-0

[Event "Challenge"]
[Site "http://www.queenalice.com/game.php?id=1601501"]
[Date "2020.3.3"]
[Round "-"]
[White "vercelli"]
[Black "APSHOOTER"]
[Result "0-1"]
[WhiteElo "1920"]
[BlackElo "1563"]

1. d4 d5 2. c4 e6 3. Nc3 Nf6 4. Nf3 h6 5. e3 Bb4 6. Be2 Nc6 7. O-O a6 8. cxd5
exd5 9. Qc2 Be6 10. a3 Bd6 11. b4 Qd7 12. b5 axb5 13. Bxb5 O-O 14. Bb2 Ne4 15.
Nxe4 dxe4 16. Ne5 Bxe5 17. dxe5 Qe7 18. Qxe4 Rfd8 19. Bxc6 bxc6 20. Qxc6 Bd5 21.
Qc3 Qe6 22. f4 Qc6 23. e6 Qxc3 24. exf7+ Bxf7 25. Bxc3 Rd3 26. Bd4 Bd5 27. f5
Raxa3 28. Rxa3 Rd2 0-1

[Event "AUTO-ADV-4307"]
[Site "http://www.queenalice.com/game.php?id=1601785"]
[Date "2020.3.6"]
[Round "1"]
[White "Canaye"]
[Black "vercelli"]
[Result "0-1"]
[WhiteElo "1839"]
[BlackElo "1890"]

1. d4 f5 2. c4 Nf6 3. Nc3 g6 4. Bg5 Bg7 5. e3 O-O 6. Bd3 d6 7. Nge2 Qe8 8. O-O
Nc6 9. a3 e5 10. d5 e4 11. Bc2 Ne5 12. b3 Bd7 13. Rb1 h6 14. Bxf6 Rxf6 15. Nf4
a6 16. Rc1 b5 17. cxb5 axb5 18. Bb1 Rxa3 19. Nfe2 b4 20. Na4 Bxa4 21. bxa4 Qxa4
22. Rxc7 Qxd1 23. Rxd1 Ra1 24. Nf4 Rf7 25. Rc8+ Kh7 26. Rdc1 b3 27. Ne2 Nd3 28.
Bxd3 exd3 29. Nf4 d2 30. h4 dxc1=Q+ 31. Rxc1 Rxc1+ 32. Kh2 b2 0-1

[Event "AUTO-ADV-4307"]
[Site "http://www.queenalice.com/game.php?id=1601786"]
[Date "2020.3.6"]
[Round "1"]
[White "vercelli"]
[Black "Canaye"]
[Result "1-0"]
[WhiteElo "1895"]
[BlackElo "1867"]

1. d4 e6 2. c4 d5 3. e3 c5 4. dxc5 Bxc5 5. cxd5 exd5 6. Nf3 Nc6 7. Be2 Nge7 8.
O-O O-O 9. Nc3 Re8 10. a3 a6 11. b4 Bb6 12. Bb2 Ng6 13. Qxd5 Be6 14. Qxd8 Raxd8
15. b5 axb5 16. Nxb5 Bg4 17. h3 Be6 18. Ng5 Bd5 19. Rad1 h6 20. Nf3 Nce5 21.
Nxe5 Nxe5 22. Nd4 Nc4 23. Bxc4 Bxc4 24. Rfe1 Bxd4 25. Bxd4 Ra8 26. Bc5 Rac8 27.
Bb4 b5 28. Kh2 Re6 29. Rd4 Rf6 30. f3 Rfc6 31. Red1 Be2 32. R1d2 Rc2 33. Rd8+
Rxd8 34. Rxd8+ Kh7 35. Kg3 h5 36. Rd5 g6 37. Rd7 Kg7 38. Kf4 Rc4+ 39. e4 Rc2 40.
e5 Rc4+ 41. Ke3 Bf1 42. Kf2 Rc1 43. e6 Bc4 44. e7 Rc2+ 45. Kg3 Re2 46. Rd8 1-0

[Event "AUTO-ADV-4307"]
[Site "http://www.queenalice.com/game.php?id=1601801"]
[Date "2020.3.6"]
[Round "1"]
[White "krystian"]
[Black "vercelli"]
[Result "0-1"]
[WhiteElo "1641"]
[BlackElo "1915"]

1. e4 e6 2. d4 d5 3. e5 c5 4. Nf3 Nc6 5. c3 cxd4 6. cxd4 Nge7 7. Nc3 Nf5 8. a3
a6 9. Bg5 Be7 10. Bxe7 Qxe7 11. b4 O-O 0-1

[Event "AUTO-ADV-4307"]
[Site "http://www.queenalice.com/game.php?id=1601802"]
[Date "2020.3.6"]
[Round "1"]
[White "vercelli"]
[Black "krystian"]
[Result "1-0"]
[WhiteElo "1910"]
[BlackElo "1646"]

1. d4 Nf6 2. c4 e5 3. dxe5 Ng4 4. Nf3 Nc6 5. Bf4 Bb4+ 6. Nc3 Qe7 7. e3 Ngxe5 8.
Be2 Bxc3+ 9. bxc3 d6 10. O-O Bg4 11. Nxe5 Bxe2 12. Nxc6 1-0

[Event "AUTO-ADV-4307"]
[Site "http://www.queenalice.com/game.php?id=1601811"]
[Date "2020.3.6"]
[Round "1"]
[White "rich"]
[Black "vercelli"]
[Result "1-0"]
[WhiteElo "2069"]
[BlackElo "1904"]

1. d4 f5 2. Bg5 g6 3. Nc3 Bg7 4. e4 d6 5. Bd3 Nf6 6. e5 dxe5 7. dxe5 Ng4 8. f4
h6 9. Bh4 g5 10. fxg5 Bxe5 11. Nf3 Nc6 12. Qd2 hxg5 13. Qxg5 Bf6 14. Qg6+ Kf8
15. Bxf6 Nxf6 16. O-O-O Be6 17. Ng5 Qc8 18. Nxe6+ Qxe6 19. Rde1 Qg8 20. Qxf5
Qxg2 21. Reg1 Qh3 22. Qb5 Qe3+ 23. Kb1 Rxh2 24. Re1 Qd2 25. Qxb7 Rd8 26. Rd1
Rxh1 27. Rxh1 Qg2 28. Rh8+ Ng8 29. a3 Kg7 30. Rh7+ Kf8 31. Qb3 Ne5 32. Qe6 Nxd3
33. Qf7# 1-0

[Event "AUTO-ADV-4307"]
[Site "http://www.queenalice.com/game.php?id=1601812"]
[Date "2020.3.6"]
[Round "1"]
[White "vercelli"]
[Black "rich"]
[Result "0-1"]
[WhiteElo "1910"]
[BlackElo "2110"]

1. d4 Nf6 2. c4 g6 3. Nc3 d5 4. e3 Bg7 5. Nf3 O-O 6. Be2 c5 7. dxc5 Qa5 8. O-O
dxc4 9. Bxc4 Qxc5 10. Bb3 Nc6 11. Qc2 Bg4 12. Nd2 Rac8 13. Nde4 Nxe4 14. Nxe4
Qb6 15. h3 Bf5 16. Bd5 Nb4 17. Qb3 Nxd5 18. Qxd5 Rfd8 19. Qb3 Bxe4 20. f3 Bc6
21. Qxb6 axb6 22. Rb1 Bd5 23. b3 Rc2 24. a4 Rc3 25. b4 Rb3 26. Rxb3 Bxb3 27. a5
bxa5 28. bxa5 Bc3 29. Ba3 Bxa5 30. Bxe7 Re8 31. Bc5 b5 32. Rb1 Bc4 33. Kf2 Rc8
34. Bd4 Bd3 35. Ra1 Bc3 36. Rc1 b4 37. Bxc3 Rxc3 38. Rxc3 bxc3 39. Ke1 Kf8 40.
h4 Ke7 41. g4 Kd6 42. f4 Kd5 0-1